000 00833cam a22002658a 4500
001 16284772
005 20150928134154.0
008 100615s2011 mau | b 001 0 eng
010 _a 2010022708
020 _a9780123750259 (alk. paper)
040 _aDLC
_cDLC
082 0 4 _a621.042
_222
_bSOR
100 1 _aSorensen, Bent
_922509
245 1 0 _aRenewable Energy :
_bPhysics, Engineering, Environmental impacts, Economics & Planning /
_cBent Sorensen
250 _a4th ed.
260 _aBurlington, MA :
_bAcademic Press, 2011
_c2011.
300 _a954 p. :
_bill. ;
_c22 cm.
500 _aIndex : p. 943-954.
504 _aBibliography : p. 901-942.
590 _aSAMEH
650 0 _aRenewable energy sources.
_922510
_2BUEsh
651 _2BUEsh
942 _2ddc
_cBB
999 _c14995
_d14995